Statistiques concernant À quel âge sont décédées ces personnes célèbres ?

Cliquez ici pour prendre le quiz!

Statistiques générales

  • Ce quiz a été pris 21 fois
    (13 depuis la dernière actualisation)
  • Le résultat moyen est 11 sur 28

Statistiques - réponses

CélébritésDate de naissanceDate de décèsÂge à sa mort% Correct
Piem12/12/192312/12/202097
100%
Lee J. Cobb08/12/191111/02/197664
89%
Sergueï Rachmaninov01/04/187328/03/194369
89%
Henri Nestlé10/08/181407/07/189075
89%
Sage Stallone05/05/197613/07/201236
78%
Molière1622167351
67%
Patrick McGoohan19/03/192813/01/200980
56%
Anne Heche25/05/196912/08/202253
44%
Olivia Newton-John26/09/194808/08/202273
44%
Cabu13/01/193807/01/201576
44%
George Segal13/02/193423/03/202187
44%
Jean-Jacques Sempé17/08/193211/08/202289
44%
Robert Palmer19/01/194926/09/200354
33%
François Arago26/02/178602/10/185367
33%
Jean Seberg13/11/193830/08/197940
22%
Charles Baudelaire09/04/182131/08/186746
22%
Aristide Denfert-Rochereau11/01/182311/05/187855
22%
Gunpei Yokoi10/09/194104/10/199756
22%
Jean-Baptiste Colbert26/08/16196/09/168364
22%
Bernard Buffet10/07/192804/10/199971
22%
Marcel Carné18/08/190631/10/199690
22%
Eugène Delacroix26/04/179813/08/186365
11%
Emanuel Lasker24/12/186811/01/194172
11%
René Coty20/03/188222/11/196280
11%
Henri d'Orléans14/06/193321/01/201985
11%
Georges Clemenceau28/09/184124/11/192988
11%
Ingmar Bergman14/07/191830/07/200789
11%
Jerry Lewis16/03/192620/08/201791
11%

Distribution des résultats

Percentile par nombre de réponses

% des personnes avec chaque résultat

Votre développement - résultats

Vous n’avez pas pris ce quiz depuis la dernière actualisation